000 01087nam a2200301 a 4500
005 20080820131943.0
008 060418s2006 caua |s 001 0 eng d
010 _aENG-91164
020 _a9780070265097
_c325.00
020 _a0070265097
035 _aEN-74697
037 _bDBAD / PUB
040 _adpl
_bEnglish
082 _a629.892
245 _aIndustrial robotics:
_btechnology, programming, and applications /
_cby Mikell P. Groover...[et al]
260 _aNew Delhi
_bTata McGraw-Hill Publishing
_c2008
270 _a7 West Patel Nagar,
_bNew Delhi
_e110008
300 _axiv, 546p.:
_c23cm (pbk)
_eb&w photos; ill
500 _aIncludes index.
650 _2Robots, industrial
700 _aGroover, Mikell P
700 _aWeiss, Mitchell
700 _aNagel, Roger N.
700 _aOdrey, Nicholas G.
942 _2ddc
_cEN
_mIND
_h629.892
999 _c16268
_d16268